000 03653nab a2200277 i 4500
003 BR-BrBNA
005 20250603135638.0
008 250531b2018 bl.qr|pooa||| 00| 0 eng |
040 _aBR-BrBNA
_beng
072 _aF30
100 _aSánchez-G., Ysbelia
100 _aRaymúndez, María B.
100 _aImery, José
100 _aAcosta, M. Cristina
100 _aMoscone, Eduardo
245 _aCharacterization of eight species of Aloe (Asphodelaceae) from the nucleolar organizing region
500 _aPublicação on-line; 30 ref.; 1 tables; 3 illus.; Summaries (En, Pt)
520 _a Abstract Nucleolar organizing region of eight species of Aloe was analyzed in somatic metaphases and interphase nuclei. All species showed a uniform 2n=14, with eight large chromosomes and six small chromosomes. Satellites were observed on the long arm of one or two pairs of large chromosomes and/or on the short arm of one of the small pairs. The silver-stained nucleolus organizing regions were located on the subtelomeric region of the long arm of one or two pairs of large chromosomes, except for Aloedichotoma and Aloe maculata, which the AgNORs were located at a short arm of one of their small chromosomes. In most studied species, the active AgNOR number was four. However, this number changing from one to eight. For all species, the interphase number of nucleoli can be one or two, while, in Aloeexcelsa, this number can be changing from one to eight. Polymorphism of active AgNORs and the number of interphase nucleoli were revealed, except for Aloepetricola, which active AgNORs were located only in the subtelomeric regions at the long arm of one of the L2 chromosomes, as well as in the L4 pair, which is agreement with the maximum number (three) of interphase nucleoli. Key words: Aloe, AgNORs, nucleolar activity, silver-banding. Resumo A região organizadora nucléica de oito espécies de Aloe foi analisada em metáfases somáticas e núcleos interfásicos. Todas as espécies apresentaram um número uniforme de 2n = 14, com oito cromossomos grandes e seis pequenos. Satélites foram observados no braço longo de um ou dois pares de cromossomos grandes e/ou no braço curto de um dos pares pequenos. As regiões organizadoras del nucléolo coradas com prata estavam localizadas na região subtelomérica do braço longo de um ou dois pares dos cromossomos grandes, exceto en Aloe dichotoma e Aloe maculata, em que os AgNORs estavan localizados em um braço curto de um de seus cromossomos pequenos. Na maioria das espécies estudadas, o número ativo de AgNOR era quatro. No entanto, esse número muda de um para oito. Para todas as espécies, o número de nucléolos na interfase pode ser um ou dois, enquanto, em Aloe excelsa, esse número pode estar mudando de um a oito. Polimorfismo de AgNORs ativos e o número de nucléolos em interfase foram revelados, exceto Aloe petricola, cujos AgNORs ativos estavam localizados apenas nas regiões subteloméricas no braço longo um dos cromossomos L2, bem como no par L4, concordando com o número máximo (três) de nucléolos em interfase. Palavras-chave: Aloe, AgNORs, atividade nucleolar, bandeamento de prata.
650 _aALOE VERA
650 _aCROMOSSOMA
650 _aPLANTA MEDICINAL
773 0 _0709
_9350746
_dRio de Janeiro-RJ Jardim Botanico do Rio de Janeiro 1935
_o2025-3371
_tRodriguésia (Brazil)
_x0370-6583; 2175-7860 on-line
_gv. 69(2) p. 363-372; (2018)
_wBR2025001333
856 _uhttps://www.scielo.br/j/rod/a/wQRxgvrnyvSbRYzqCqtZPTB/?format=pdf&lang=en
942 _cANA
999 _c331838
_d331838